The shepherd Psalm : (Record no. 7525)
[ view plain ]
| 000 -LEADER | |
|---|---|
| fixed length control field | 00553nam a22001817a 4500 |
| 003 - CONTROL NUMBER IDENTIFIER | |
| control field | GBCCL |
| 005 - DATE AND TIME OF LATEST TRANSACTION | |
| control field | 20241126110630.0 |
| 008 - FIXED-LENGTH DATA ELEMENTS--GENERAL INFORMATION | |
| fixed length control field | 180820b ||||| |||| 00| 0 eng d |
| 040 ## - CATALOGING SOURCE | |
| Transcribing agency | gbc |
| 082 ## - DEWEY DECIMAL CLASSIFICATION NUMBER | |
| Classification number | 223.207 |
| Item number | EVA |
| 100 ## - MAIN ENTRY--PERSONAL NAME | |
| Personal name | Evans, William |
| 9 (RLIN) | 13302 |
| 245 ## - TITLE STATEMENT | |
| Title | The shepherd Psalm : |
| Remainder of title | and, Looking beyond/ |
| Statement of responsibility, etc. | By William Evans. |
| 260 ## - PUBLICATION, DISTRIBUTION, ETC. | |
| Date of publication, distribution, etc. | 1932. |
| Place of publication, distribution, etc. | Chicago : |
| Name of publisher, distributor, etc. | Moody Bible Institute, |
| 300 ## - PHYSICAL DESCRIPTION | |
| Extent | 128p.; |
| 650 ## - SUBJECT ADDED ENTRY--TOPICAL TERM | |
| Topical term or geographic name entry element | Bible. -- Psalms, XXIII -- Commentaries. |
| 9 (RLIN) | 13303 |
| 650 ## - SUBJECT ADDED ENTRY--TOPICAL TERM | |
| Topical term or geographic name entry element | Future life. Bible. -- Psalms, XXIII. |
| 9 (RLIN) | 13304 |
| 942 ## - ADDED ENTRY ELEMENTS (KOHA) | |
| Source of classification or shelving scheme | Dewey Decimal Classification |
| Koha item type | Books |
| Koha issues (borrowed), all copies | 1 |
| Withdrawn status | Lost status | Source of classification or shelving scheme | Damaged status | Not for loan | Home library | Current Library | Shelving location | Date acquired | Total checkouts | Full call number | Barcode | Date last seen | Date last checked out | Copy number | Price effective from | Koha item type |
|---|---|---|---|---|---|---|---|---|---|---|---|---|---|---|---|---|
| Dewey Decimal Classification | GRACE BIBLE COLLEGE | GRACE BIBLE COLLEGE | Biblical Studies | 2018-08-20 | 2 | 223.207 EVA | 002751 | 2025-05-01 | 2025-01-22 | c.1 | 2018-08-20 | Books |